| Tag |
First Indicator |
Second Indicator |
Subfields |
| LEADER |
00000cam a2200000Ia 4500 |
| 001 |
in00002763421 |
| 005 |
20150922113214.0 |
| 008 |
800118t19791963dcuch b 000 0 eng d |
| 010 |
|
|
|a 79065984
|
| 020 |
|
|
|a 0918016118
|
| 020 |
|
|
|a 9780918016119
|
| 020 |
|
|
|a 0918016185 (series)
|
| 020 |
|
|
|a 9780918016188 (series)
|
| 035 |
|
|
|a (OCoLC)ocm05883659
|
| 035 |
|
|
|a (OCoLC)5883659
|
| 040 |
|
|
|a XBM
|c XBM
|d OCLCQ
|d BAKER
|d OCLCG
|d YDXCP
|d BDX
|d TXA
|d UtOrBLW
|
| 043 |
|
|
|a e-uk---
|
| 045 |
|
|
|a t5u0
|
| 049 |
|
|
|a TXAM
|
| 050 |
|
4 |
|a DA360
|b .M32 1979
|
| 082 |
0 |
4 |
|a 942.05
|
| 100 |
1 |
|
|a Mattingly, Garrett,
|d 1900-1962.
|
| 245 |
1 |
5 |
|a The "invincible" Armada and Elizabethan England /
|c by Garrett Mattingly.
|
| 264 |
|
1 |
|a [Washington] :
|b Folger Shakespeare Library,
|c 1979
|
| 264 |
|
4 |
|c ©1963
|
| 300 |
|
|
|a 52 pages :
|b illustrations, facsimiles, portraits ;
|c 22 cm.
|
| 336 |
|
|
|a text
|b txt
|2 rdacontent
|
| 337 |
|
|
|a unmediated
|b n
|2 rdamedia
|
| 338 |
|
|
|a volume
|b nc
|2 rdacarrier
|
| 490 |
1 |
|
|a Folger guides to the age of Shakespeare
|
| 490 |
0 |
|
|a Folger books
|
| 504 |
|
|
|a Includes bibliographical references (pages 51-52).
|
| 650 |
|
0 |
|a Armada, 1588.
|
| 651 |
|
0 |
|a Great Britain
|x History
|y Elizabeth, 1558-1603.
|
| 830 |
|
0 |
|a Folger guides to the age of Shakespeare.
|
| 994 |
|
|
|a C0
|b TXA
|
| 948 |
|
|
|a cataloged
|b h
|c 2012/8/21
|d c
|e jlanham
|f 12:26:59 pm
|
| 999 |
|
|
|a MARS
|
| 999 |
f |
f |
|s afc2f388-e747-316c-80d1-d473777c2cc8
|i 010e6b29-8098-37a3-9391-8bafbd476eb6
|t 0
|
| 952 |
f |
f |
|p ric
|a Texas A&M University
|b Rellis Campus
|c Joint Library Facility
|d Remote Storage
|t 0
|e DA360 .M32 1979
|h Library of Congress classification
|i unmediated -- volume
|m A14841512233
|
| 998 |
f |
f |
|a DA360 .M32 1979
|t 0
|l Remote Storage
|